000 00923nam a22002177a 4500
999 _c10274
_d10274
003 AR-CdUCM
008 190329b ||||| |||| 00| 0 spa d
040 _aMUNICIPALIDAD PROVINCIAL DEL CUSCO
_cBIBLIOTECA MUNICIPAL DEL CUSCO
082 _a348.182 /
_bG89 / 1948
100 _aGuglielmo, Pascual di
_99324
245 _aTratado de derecho industrial /
260 _aBuenos Aires :
_bTipográfica Editorial Argentina,
_c1948.
300 _aXXX, 458 páginas ;
_c23 cm.
500 _at.1: Establecimientos Industriales y Comerciales, nombre comercial - concurrencia desleal.
505 _aContenido: t.1: El fundo de Comercio -- La Ley 11.867 y la prohibición de concurrencia --Elementos constitutivos del fondo de Comercio -- La llave -- Antecedentes históricos ...
650 _aDerecho industrial
_99325
650 _aDerecho comercial
_95195
650 _aArgentina
_9511
942 _2ddc
_cLIBROS
945 _aachl